Systém ePCT- od papiera po elektronizáciu služieb

Stručný vývoj zavázdania patentových prihlášok od papierových po elektronické. Predstavenie nového systému ePCT, ktorý môžu využívať všetky zainteresované strany, ktoré sa podieľajú na konaní o medzinárodnej prihláške počas medzinárodnej fázy. Zhrnutie výhod systému ePCT.

Salvato in:
Dettagli Bibliografici
Autore principale: Hladká, Ľudmila
Natura: Capitolo di libro
Lingua:slovacco
Soggetti:
Tags: Aggiungi Tag
Nessun Tag, puoi essere il primo ad aggiungerne!!

MARC

LEADER 00000naa a2200000 4500
001 0236022
005 20220803165525.8
041 0 |a slo 
044 |a SK 
245 1 0 |a Systém ePCT- od papiera po elektronizáciu služieb  |c Ľudmila Hladká 
520 |a Stručný vývoj zavázdania patentových prihlášok od papierových po elektronické. Predstavenie nového systému ePCT, ktorý môžu využívať všetky zainteresované strany, ktoré sa podieľajú na konaní o medzinárodnej prihláške počas medzinárodnej fázy. Zhrnutie výhod systému ePCT. 
610 2 0 |a technológie nové 
610 2 0 |a elektronizácia 
610 2 0 |a patenty 
610 2 0 |a služby elektronické 
100 1 |a Hladká, Ľudmila